|
|
|
|
| LEADER |
00000nam a22000007a 4500 |
| 005 |
20191009000954.0 |
| 007 |
cr|||| |||| |
| 008 |
191009s2019 ve |||||s||||a00||0 spa d |
| 020 |
|
|
|a 9786139412013
|
| 035 |
|
|
|a 29549
|
| 040 |
|
|
|a vLex
|
| 090 |
|
|
|c 9742
|d 9742
|
| 100 |
1 |
|
|a Domn̕guez Florido, Gustavo Adolfo
|
| 245 |
1 |
2 |
|a La Prueba y su Interpretacin̤ en el Contexto de la Constitucin̤
|h [Recurso electrn̤ico] /
|c Gustavo Adolfo Domn̕guez Florido
|
| 256 |
|
|
|a Servicio en ln̕ea
|
| 260 |
|
|
|a Caracas:
|b Editorial Acadm̌ica Espaǫla,
|c 2019
|
| 300 |
|
|
|a 1 recurso electrn̤ico
|
| 500 |
|
|
|a En esta obra se aborda el tema del derecho de acceso a la prueba y la interpretacin̤ de su sentido, alcance y contenido a la luz de su regulacin̤ en la Constitucin̤ Venezolana, como una de las manifestaciones del derecho fundamental a la defensa y del debido proceso, como herramienta principal para la realizacin̤ de la justicia y como deber correlativo de los jueces de pronunciarse sobre todas las pruebas que se hayan producido, mediante una decisin̤ razonada, congruente y basada en el ordenamiento jurd̕ico. Asimismo, se hace un estudio sistemt̀ico de los diferentes tipos de infraccin̤ o vicios en los que puede incurrir el juez al momento de juzgar sobre las pruebas, bien sea por falta absoluta de valoracin̤ de la prueba, o ante la valoracin̤ errn̤ea, arbitraria o incompleta de la misma, para luego proceder a identificar y determinar los supuestos en los cuales estos vicios de juzgamiento podra̕n estar sujetos al control de la jurisdiccin̤ constitucional a travš de los distintos mecanismos procesales disponibles, como la accin̤ de amparo constitucional y el recurso extraordinario de revisin̤ constitucional, analizando los requisitos o presupuestos que deben cumplirse en cada caso.
|
| 506 |
1 |
|
|a Disponible solo en los productos indicados
|d vLex Global
|d vLex Global (Academic Edition, excluding Law Schools)
|d vLex Global (U.S. Academic Edition, Law Schools)
|d vLex Global (U.S. Academic Edition, excluding Law Schools)
|d vLex Global (Academic Edition, Law Schools)
|
| 650 |
0 |
4 |
|a Derecho Pb︢lico y Administrativo
|z Venezuela
|
| 740 |
0 |
|
|a vLex Libros (Servicio en ln̕ea)
|
| 856 |
4 |
0 |
|u http://vlex.com/source/29549
|z Acceso restringido
|
| 942 |
|
|
|c BOOK
|
| 999 |
0 |
|
|a Public and Administrative Law
|